Técnica del estado : sobre la productividad del sector público / Gabriel Ardant sobre la productividad del sector público / Gabriel Ardant
Descripción Física:
204 p. ; 22 cm
Colección:
Estudios administrativos ; 17
MARC
| LEADER | 00000nam a2200000Ia 4500 | ||
|---|---|---|---|
| 001 | 121 | ||
| 008 | 160829s1962 xx 000 0 cat d | ||
| 080 | |a M-4-203 | ||
| 100 | |a Ardant, Gabriel |9 23764 | ||
| 245 | |a Técnica del estado : |b sobre la productividad del sector público / Gabriel Ardant | ||
| 260 | |a Madrid : |b Impr. Nacional del Boletín Oficial del Estado, |c 1962 | ||
| 300 | |a 204 p. ; |c 22 cm | ||
| 490 | |a Estudios administrativos ; 17 | ||
| 590 | |a Notes, bibliografia | ||
| 650 | |a Administració pública |x França |x Productivitat del treball |9 23765 | ||
| 650 | |a Empreses públiques |x França |x Productivitat del treball |9 23766 | ||
| 901 | |a Arxiu | ||
| 942 | |n 1 | ||
| 952 | |0 0 |1 0 |4 0 |6 M4203 |7 1 |9 42843 |a Arxiu |b Arxiu |d 2016-12-01 |l 0 |o M-4-203 |p 121 |r 2016-12-01 00:00:00 |w 2016-12-01 |y ARXIU | ||
| 999 | |c 45349 |d 45349 | ||